000
00292nam a22001337a 4500
041
_a
Urdu
082
_a
297.4
_b
TAL
100
_a
Taley, S.Murad Ali
245
_a
Tazkira-e-Auliya-e-Hyderabad
260
_a
Hyderabad
_c
1984
300
_a
136 P.
650
_a
Sufism- Malfoozat
942
_c
BK
999
_c
21097
_d
21097